Začala sa Popradská hudobná jar

Bibliographic Details
Format: Article
Language:Slovak
ISSN:1210-2423
Subjects:

MARC

LEADER 00000nab a2200000 ar4500
001 vtls011548702
003 SK-MaSNL
005 20260304013426.0
008 160428c2016 xo wr|p|||||||000 b|slo
038 |a PPPK 
040 |a PPPKCL  |b slo  |c PPPKCL  |e AACR2 
041 0 |a slo 
044 |a xo  |c SK 
080 |a 785  |2 2011 
080 |a 78  |2 2011 
080 |a 7.079  |2 2011 
245 0 0 |a Začala sa Popradská hudobná jar 
500 |a Autor článku nie je uvedený. 
610 2 7 |a Dom kultúry (Poprad, Slovensko)  |2 pppkcl  |9 1033498 
611 2 7 |a Popradská hudobná jar  |n (40. :  |d 2016 :  |c Poprad, Slovensko)  |2 pppkcl  |9 1294417 
648 7 |a 30.3.2016  |2 pppkcl  |9 1294418 
650 0 7 |a vážna hudba  |2 pppkcl  |9 3218 
650 0 7 |a hudobné festivaly  |2 pppkcl  |9 2958 
651 7 |a Poprad (Slovensko)  |2 pppkcl  |9 20155 
773 0 |t Podtatranské noviny  |g Roč. LVI, č. 15 (2016), s. 4  |x 1210-2423 
852 |a PPPK  |b KIS3GCP 
999 |c 2575767  |d 2577697